1831 1797 1702 1327 1042 1214 1732 1014 1070 1070 1807 1433 1858 1076 1929 1843 1718 1366 1291 1442 1195 1705 1344 1920 1708 1107 1306 1447 1480 1659 1803 1168 1141 1939 1227 1767 1036 1349 1190 1796 1258 1412 1443 1728 1383 1331 1888 1706 1033 1462 1025 1684 1701 1443 1302 1789 1141 1124 1060 1507 1238 1629 1338 1155 1979 1634 1848 1065 1351 1438 1747 1213 1429 1473 1190 1934 1820 1556 1896 1530 1329 1878 1482 1724 1451 1486 1390 1086 1038 1309 1540 1658 1804 1517 1925 1574 1211 1431 1394 BCNSPRNW ULIB Ver.6.0+V

เปลี่ยนเป็นภาษาไทย

Change to English
 แสดงรายละเอียดบรรณานุกรม
  กลับหน้าหลัก

Brief Record : Get Marc (ISO 2709) : E-mail record : QR code < ปิดหน้าต่าง
LEADER : 00000nam 2200000uu 4500
001    13399113597
003     ULIB
008    020711s2551 th a 000 0 tha d
020    9789744465702
090    นว.^bท121ร 2551
100    ทมยันตี
245    ร่มฉัตร/^cทมยันตี
250    พิมพ์ครั้งที่ 9
260    กรุงเทพฯ :^bณ บ้านวรรณกรรม,^c2551
300    606 หน้า
710 1  ณ บ้านวรรณกรรม
945    ^p360^l0^i15295
995    ทศพร
999 ^a ทศพร
รายการนี้ยังไม่มีแท็ก
คุณยังไม่ได้ล็อกอิน คุณสามารถมีกิจกรรมร่วมกับเว็บไซต์ได้ แต่ต้องล็อกอินก่อน ::
  ล็อกอิน

รายการสื่อสารสนเทศ

ลำดับที่ ประเภท เลขเรียก/บาร์โค้ด สถานที่ สถานะ
1. นวนิยาย
นวนิยาย
นว. ท121ร 2551 ฉ.1 
  Barcode: 15295
ห้องสมุดวิทยาเขตสวรรค์ประชารักษ์
►นวนิยาย
บนชั้น
  ขอยืม

รายการใกล้เคียง
    ผู้แต่ง [ทมยันตี]

BibComment


ยังไม่เคยถูกคอมเมนท์

คอมเมนท์ทรัพยากรรายการนี้
  คอมเมนท์: ร่มฉัตร ทมยันตี


 Copyright 2026. Bcnsprnw @Library